000 00606nam a2200229 i 4500
001 C2-0224755
003 PPAK
005 20180728153205.0
008 000514s1965 nyu |||| ||||| | eng d
040 _aPPAK
_beng
_cPPAK
_erda
082 0 4 _a904
_223
090 0 0 _a904
_bWAY
_dKSA
100 1 _aWay Teale, Edwin,
_eauthor
245 1 0 _aAdventures in nature
264 1 _aNew York :
_bLancer Books ,
_c1965
300 _a255 pages ;
_c18 cm
336 _2rdacontent
_atext
337 _2rdamedia
_aunmediated
338 _2rdacarrier
_avolume
650 1 0 _aAdventure and adventurers
942 _ddc
_cB
999 _c145607
_d145607